A vállalati rendezvényszervezés folyamata a Day Holiday Kft. példáján keresztül kiemelve az incentive és a csapatépítő programokat
| Szerző: | |
|---|---|
| További közreműködők: | |
| Dokumentumtípus: | Diplomadolgozat |
| Kulcsszavak: | csapatépítés fenntarthatóság ösztönzés rendezvényszervezés trend turizmus |
| Online Access: | http://dolgozattar.uni-bge.hu/59976 |
MARC
| LEADER | 00000nta a2200000 i 4500 | ||
|---|---|---|---|
| 001 | dolg59976 | ||
| 005 | 20260409145824.0 | ||
| 008 | 260409suuuu hu om 000 hun d | ||
| 040 | |a BGE Dolgozattár Repozitórium |b hun | ||
| 041 | |a hu | ||
| 100 | 1 | |a Szőcs Barbara Veronika | |
| 245 | 1 | 2 | |a A vállalati rendezvényszervezés folyamata a Day Holiday Kft. példáján keresztül kiemelve az incentive és a csapatépítő programokat |c Szőcs Barbara Veronika |h [elektronikus dokumentum] |
| 520 | 3 | |a A dolgozat a MICE rendezvényszervezés témakörét vizsgálja, különös figyelemmel az incentive utakra és a csapatépítő programokra, a Day Holiday Kft. példáján keresztül. Bemutatom a hivatásturizmus és a MICE turizmus elméleti hátterét, nagy hangsúlyt fektetve a ösztönző utak és a csapatépítők jelentőségére. A kutatás kvalitatív módszertannal, mélyinterjúk segítségével készült a Day Holiday vezetőjével és rendezvényszervező munkatársaival. Az eredmények alapján a sikeres rendezvények kulcsa a személyre szabott szervezés, a kreativitás, az innováció, a fenntarthatóság figyelembevétele és az ügyfélélmény maximalizálása. | |
| 695 | |a csapatépítés | ||
| 695 | |a fenntarthatóság | ||
| 695 | |a ösztönzés | ||
| 695 | |a rendezvényszervezés | ||
| 695 | |a trend | ||
| 695 | |a turizmus | ||
| 700 | 1 | |a Boros Dr. Kitti |e ths | |
| 856 | 4 | 0 | |u http://dolgozattar.uni-bge.hu/59976/1/A%20v%C3%A1llalati%20rendezv%C3%A9nyszervez%C3%A9s%20folyamata%20a%20Day%20Holiday%20Kft.%20p%C3%A9ld%C3%A1j%C3%A1n%20kereszt%C3%BCl%20kiemelve%20az%20incentive%20%C3%A9s%20a%20csapat%C3%A9p%C3%ADt%C5%91%20programokat.pdf |z Dokumentum-elérés |
| 856 | 4 | 0 | |u http://dolgozattar.uni-bge.hu/59976/2/A%20v%C3%A1llalati%20rendezv%C3%A9nyszervez%C3%A9s%20folyamata%20a%20Day%20Holiday%20Kft.%20p%C3%A9ld%C3%A1j%C3%A1n%20kereszt%C3%BCl%20kiemelve%20az%20incentive%20%C3%A9s%20a%20csapat%C3%A9p%C3%ADt%C5%91%20programokat.pdf |z Dokumentum-elérés |
| 856 | 4 | 0 | |u http://dolgozattar.uni-bge.hu/59976/3/Sz%C5%91cs%20Barbara%20Veronika_konzulens_Boros%20Kitti.pdf |z Dokumentum-elérés |
| 856 | 4 | 0 | |u http://dolgozattar.uni-bge.hu/59976/4/Sz%C5%91cs%20Barbara%20Veronika%20Bsc%20magyar%20Konzulens%20Karsai%20%C3%81rp%C3%A1d.pdf |z Dokumentum-elérés |